Geography Quiz

Random Geography or Asia Quiz

Countries of APEC Quiz Stats

 Plays Quiz Updated Feb 3, 2019

     
Support Sporcle.
Go Orange.
Score 0/21 Timer 03:00
4 Plays Today
Country % Correct
Hong Kong (China)
97.7%
China
97.5%
Japan
96.8%
South Korea
89.8%
Indonesia
87.2%
Australia
86.9%
Vietnam
85.6%
New Zealand
82.7%
Thailand
80.1%
Philippines
77%
Malaysia
74.9%
Country % Correct
Taiwan
74.3%
Russia
73.7%
Singapore
70.6%
United States
69.7%
Canada
61.4%
Mexico
59.7%
Papua New Guinea
54.2%
Chile
53.3%
Brunei
50%
Peru
46.8%

From the Vault

4x4 Image Crossword: Countries

by bhenderson79

This is probably the first time you've done a crossword puzzle that was also a map.
Remove Ads.
Support Sporcle.
Get the best of Sporcle when you Go Orange. This ad-free experience offers more features, more stats, and more fun while also helping to support Sporcle. Thank you for becoming a member.

Show Comments

Extras

Top Quizzes Today


Score Distribution

Your Account Isn't Verified!

In order to create a playlist on Sporcle, you need to verify the email address you used during registration. Go to your Sporcle Settings to finish the process.

Report this User

Report this user for behavior that violates our Community Guidelines.

Details: